000 004870000a22001930004500
001 002872
003 MACL
005 20150823112512.0
008 150823b xxu||||| |||| 00| 0 eng d
040 _aMACL
_cMACL
041 _aEnglish
082 _a633/ROY
100 _aRoychowdhury, N
_96899
245 _aText Book On Floriculture & Landscaping
_cN Roychowdhury
260 _aKolkata
_c2001
_bShyamal Ghose,
350 _a600
650 _aAgriculture
_96900
942 _k633
_cBK
_2ddc
999 _c14780
_d14780